| 000 | 00346nam a2200133Ia 4500 | ||
|---|---|---|---|
| 008 | 190216s9999||||xx |||||||||||||| ||und|| | ||
| 100 | _aWilliam F. Hughes & John A . Brighter | ||
| 245 | 0 | _aTheory And Problems Of Fluid Dynamics | |
| 250 | _a1st Ed. | ||
| 260 |
_bSchaum Pub: Co: _c1967 |
||
| 300 | _a265 | ||
| 650 | _aPhysics | ||
| 942 | _cBK | ||
| 999 |
_c32728 _d32728 |
||